Effectif Liverpool saison 2024/2025 - Statistiques

Statistiques générales
  • Ce quiz a été pris 4 765 fois
    1 100 depuis la dernière actualisation
  • Le résultat moyen est 18 sur 26
Statistiques - réponses
Hint Réponse % Correct
G Alisson
98%
A Mohamed Salah
96%
D Virgil van Dijk
95%
D Ibrahima Konate
91%
D Trent Alexander-Arnold
91%
D Andrew Robertson
89%
A Darwin Nunez
89%
A Luis Diaz
86%
M Alexis Mac Allister
84%
A Cody Gakpo
83%
Coach Arne Slot
80%
A Diogo Jota
77%
M Dominik Szoboszlai
75%
D Joseph Gomez
71%
M Harvey Elliott
70%
M Ryan Gravenberch
70%
G Caoimhin Kelleher
67%
M Curtis Jones
66%
D Konstantinos Tsimikas
64%
A Federico Chiesa
58%
M Wataru Endō
58%
D Conor Bradley
57%
D Jarell Quansah
55%
G Vítězslav Jaroš
20%
A Ben Doak
16%
D Nathaniel Phillips
9%
Aucun quiz correspondant
Distribution des résultats
% des personnes avec chaque résultat
Percentile par nombre de réponses
Votre historique - résultats
Vous n’avez pas pris ce quiz depuis la dernière actualisation